000 00783nam a2200217Ia 4500
999 _c54679
_d54679
001 21746
003 GE_BSU
005 20220208154847.0
008 181216s||||||||xx |||||||||||||| ||und||
040 _cGE_BSU
041 _ageo
080 _a811.353.1(092) ა-40
245 _aაკაკი შანიძე-100 :
_b[ფოტოალბომი] /
_cშემდგ. ლელა შანიძე.
264 _aთბილისი :
_bსაბჭ. საქართველო,
_c1987.
300 _a63 გვ. :
_bილ. ;
_c27 სმ.
541 _h4 ლ.
653 _aაკაკი შანიძე-100
653 _aქართველი ენათმეცნიერები
653 _aქართული ენა
942 _cBK
_2udc